<?xml version="1.0" encoding="UTF-8"?>
<marc:record xmlns:marc="http://www.loc.gov/MARC21/slim">
   <marc:leader>00000nam a2200000 a 4500</marc:leader>
   <marc:datafield ind1="1" ind2=" " tag="100">
      <marc:subfield code="a">Hunter, Erin</marc:subfield>
      <marc:subfield code="4">aut</marc:subfield>
      <marc:subfield code="e">Verfasser/-in</marc:subfield>
   </marc:datafield>
   <marc:datafield ind1=" " ind2=" " tag="653">
      <marc:subfield code="a">Katzen</marc:subfield>
   </marc:datafield>
   <marc:datafield ind1=" " ind2=" " tag="653">
      <marc:subfield code="a">Fantasy</marc:subfield>
   </marc:datafield>
   <marc:datafield ind1="0" ind2="0" tag="245">
      <marc:subfield code="a">Eisiges Schweigen</marc:subfield>
   </marc:datafield>
   <marc:datafield ind1="0" ind2="0" tag="245">
      <marc:subfield code="b">Warrior Cats 7/2</marc:subfield>
   </marc:datafield>
   <marc:datafield ind1=" " ind2="1" tag="264">
      <marc:subfield code="b">Beltz</marc:subfield>
      <marc:subfield code="c">2020</marc:subfield>
   </marc:datafield>
   <marc:datafield ind1="1" ind2=" " tag="490">
      <marc:subfield code="a">Warrior Cats</marc:subfield>
   </marc:datafield>
   <marc:datafield ind1="1" ind2=" " tag="520">
      <marc:subfield code="a">Warrior Cats Staffel 7, Band 2: Endlich ist der Mondsee aufgetaut - der SternenClan jedoch hüllt sich weiterhin in eisiges Schweigen. Und Brombeerstern, der einst so gütige DonnerClan-Anführer, verhält sich merkwürdig: Streng kontrolliert er seinen Clan und die junge Kriegerin Stachelfrost soll ihm als seine Spionin Gesetzesverstöße melden. Es kommt zu einem Eklat unter den Katzenclans. Nur der Schüler Wurzelpfote ahnt, dass sich ein Betrüger eingeschlichen hat, während Brombeersterns Geist verzweifelt im Wald umherwandelt. (Verlagstext)</marc:subfield>
   </marc:datafield>
   <marc:datafield ind1=" " ind2=" " tag="020">
      <marc:subfield code="a">9783407755827</marc:subfield>
      <marc:subfield code="9">9783407755827</marc:subfield>
   </marc:datafield>
</marc:record>
